<?xml version="1.0" encoding="UTF-8"?>
<record
    xmlns:xsi="http://www.w3.org/2001/XMLSchema-instance"
    xsi:schemaLocation="http://www.loc.gov/MARC21/slim http://www.loc.gov/standards/marcxml/schema/MARC21slim.xsd"
    xmlns="http://www.loc.gov/MARC21/slim">

  <leader>01392nam a22002057a 4500</leader>
  <controlfield tag="003">OSt</controlfield>
  <controlfield tag="005">20260422153703.0</controlfield>
  <controlfield tag="008">260422b        |||||||| |||| 00| 0 eng d</controlfield>
  <datafield tag="020" ind1=" " ind2=" ">
    <subfield code="a">9789354403798</subfield>
  </datafield>
  <datafield tag="040" ind1=" " ind2=" ">
    <subfield code="c">AACR-II</subfield>
  </datafield>
  <datafield tag="082" ind1=" " ind2=" ">
    <subfield code="a">DOS F</subfield>
  </datafield>
  <datafield tag="100" ind1=" " ind2=" ">
    <subfield code="a">Dostoevsky, Fyodor </subfield>
    <subfield code="9">11742</subfield>
  </datafield>
  <datafield tag="245" ind1=" " ind2=" ">
    <subfield code="a">Crime and punishment</subfield>
  </datafield>
  <datafield tag="260" ind1=" " ind2=" ">
    <subfield code="a">New Delhi</subfield>
    <subfield code="b">Fingerprint; Classics</subfield>
    <subfield code="c">2025</subfield>
  </datafield>
  <datafield tag="300" ind1=" " ind2=" ">
    <subfield code="a">568 p.</subfield>
  </datafield>
  <datafield tag="520" ind1=" " ind2=" ">
    <subfield code="a">This is an exquisite hardbound edition of Fyodor Dostoevsky&#x2019;s masterpiece&#x2014;Crime and Punishment. It first appeared in instalments in Russian Messenger in 1866. By this time, Dostoevsky had been orphaned, imprisoned, almost died, lost his wife and his brother. He was also neck-deep in debt. From such a man came the story of the psychological impact of committing a crime. In this book, Raskolnikov murders an old, evil pawnbroker. Good riddance, according to him, since the woman was an oppressor of the weak, and this act allowed him to solve his own financial problems. Yet, it is a crime, and the guilt begins gnaw at him inside, even though he considers himself to be an &#x2018;extraordinary person&#x2019; whose actions are above the law. This edition, with gilded edges and beautiful endpapers, is perfect for gifting and will prove to be a valuable addition to any library.</subfield>
  </datafield>
  <datafield tag="650" ind1=" " ind2=" ">
    <subfield code="a">Fiction </subfield>
    <subfield code="9">18902</subfield>
  </datafield>
  <datafield tag="700" ind1=" " ind2=" ">
    <subfield code="a">Translated by Garnett, Constance</subfield>
    <subfield code="9">18903</subfield>
  </datafield>
  <datafield tag="942" ind1=" " ind2=" ">
    <subfield code="2">ddc</subfield>
    <subfield code="c">B</subfield>
  </datafield>
  <datafield tag="952" ind1=" " ind2=" ">
    <subfield code="0">0</subfield>
    <subfield code="1">0</subfield>
    <subfield code="2">ddc</subfield>
    <subfield code="4">0</subfield>
    <subfield code="7">0</subfield>
    <subfield code="a">LBSNAA</subfield>
    <subfield code="b">LBSNAA</subfield>
    <subfield code="d">2026-04-22</subfield>
    <subfield code="g">799.00</subfield>
    <subfield code="l">0</subfield>
    <subfield code="o">DOS F</subfield>
    <subfield code="p">185994</subfield>
    <subfield code="r">2026-04-22</subfield>
    <subfield code="w">2026-04-22</subfield>
    <subfield code="y">B</subfield>
    <subfield code="A"></subfield>
  </datafield>
  <datafield tag="999" ind1=" " ind2=" ">
    <subfield code="c">360769</subfield>
    <subfield code="d">360769</subfield>
  </datafield>
</record>
